Statistics for Types of Medical Physicians

Click here to take the quiz!

General Stats

  • This quiz has been taken 353 times
    (344 since last reset)
  • The average score is 13 of 21

Answer Stats

Job DescriptionSpecialist% Correct
Diagnoses and treats diseases of the heartCardiologist
88%
Concerned with teeth, gum diseases, and other oral problemsDentist
85%
Diagnoses and treats disorders of the skin and its appendages (nails, hair, sweat glands, etc.)Dermatologist
81%
Responsible for administering medicine during surgeries that help patients sleep through otherwise painful operationsAnesthesiologist
79%
Diagnoses and treats disorders related to the female reproductive systemGynecologist
78%
Responsible for diagnosing and treating patients with cancerOncologist
78%
Studies and treats disorders of the brainNeurologist
76%
Specializes in the use of X-rays or other imaging technologies in order to diagnose various illnessesRadiologist
74%
Responsible for diagnosing and treating mental illnesses and behavioral disordersPsychiatrist
67%
Diagnoses and treats any disorder related to the urinary systemUrologist
65%
Diagnoses and treats disorders of the eyeOphthalmologist
64%
Diagnoses and treats disorders related to the endocrine system, such as thyroid or hormone problemsEndocrinologist
61%
Studies blood and its diseasesHematologist
61%
Diagnoses and treats disorders of the foot and anklePodiatrist
56%
Diagnoses and treats the diseases and disorders of the digestive systemGastroenterologist
49%
Diagnoses and treats diseases related to the kidneyNephrologist
49%
Responsible for diagnosing and treating lung conditions or managing critical care patients admitted in the ICU with ventilator supportPulmonologist
47%
Diagnoses and treats autoimmune disorders, arthritis, and other joint problemsRheumatologist
40%
Diagnoses and treats diseases of the liverHepatologist
39%
Diagnoses and treats hearing disorders and helps children with these disorders learn to communicateAudiologist
29%
Diagnoses and treats disorders related to the male reproductive systemAndrologist
12%

Score Distribution

Percentile by Number Answered

Percent of People with Each Score

Your Score History

You have not taken this quiz since the last reset